Wilhelm Meister

Na minha lista:
Detalhes bibliográficos
Autor principal: Goethe
Formato: Livro
Idioma:Undetermined
Publicado em: Barcelona, España Ramón Sopena 1931
Assuntos:
Tags: Adicionar Tag
Sem tags, seja o primeiro a adicionar uma tag!

MARC

LEADER 00000nam a2200000Ia 4500
008 170316s9999 xx 000 0 und d
040 |a cru BVZT 
090 |a 830 G-4wi 
100 |a Goethe 
245 |a Wilhelm Meister 
260 |a Barcelona, España 
260 |b Ramón Sopena 
260 |c 1931 
300 |a 304 páginas Tomo II 
650 |a LITERATURA ALEMANA 
999 |c 7339  |d 7339 
942 |c 15 D  |h 830 G-4wi  |2 z